Ochrana a bezpečnosť údajov informačných systémov malých a stredných podnikov diplomová práca

Saved in:
Bibliographic Details
Main Author: Obrecz, Dávid
Corporate Author: Fakulta hospodárskej informatiky EU. Katedra aplikovanej informatiky
Other Authors: Kvietková, Anna
Format: Book
Language:Slovak
Published: Bratislava 2011
Tags: Add Tag
No Tags, Be the first to tag this record!

MARC

LEADER 00000nbm a2200000 4500
001 0140937
005 20161109102001.1
041 0 |a slo 
044 |a SK 
245 1 0 |a Ochrana a bezpečnosť údajov informačných systémov malých a stredných podnikov  |b diplomová práca  |c Dávid Obrecz ; školiteľ: Anna Kvietková 
264 1 |a Bratislava  |c 2011 
300 |a 61 s. 
100 1 |a Obrecz, Dávid 
700 1 |a Kvietková, Anna 
710 2 |a Fakulta hospodárskej informatiky EU. Katedra aplikovanej informatiky